ARRUPE JESUIT UNIVERSITY

CORONAVIRUS -STOP THE SPREAD - CLEAN,DISINFECT,COVER

The Zimbabwe African People's Union, 1961-87 : (Record no. 118428)

MARC details
000 -LEADER
fixed length control field 01758cam a2200361 a 4500
001 - CONTROL NUMBER
control field 13600243
003 - CONTROL NUMBER IDENTIFIER
control field ARRUPE
005 - DATE AND TIME OF LATEST TRANSACTION
control field 20131023170337.0
008 - FIXED-LENGTH DATA ELEMENTS--GENERAL INFORMATION
fixed length control field 040520s2005 njuab b 001 0 eng
010 ## - LIBRARY OF CONGRESS CONTROL NUMBER
LC control number 2004012196
020 ## - INTERNATIONAL STANDARD BOOK NUMBER
International Standard Book Number 1592212751
020 ## - INTERNATIONAL STANDARD BOOK NUMBER
International Standard Book Number 9781592212750
020 ## - INTERNATIONAL STANDARD BOOK NUMBER
International Standard Book Number 159221276X (pbk.)
020 ## - INTERNATIONAL STANDARD BOOK NUMBER
International Standard Book Number 9781592212767 (pbk.)
035 ## - SYSTEM CONTROL NUMBER
System control number (OCoLC)ocm55487440
035 ## - SYSTEM CONTROL NUMBER
System control number (OCoLC)55487440
040 ## - CATALOGING SOURCE
Original cataloging agency DLC
Transcribing agency DLC
Modifying agency YDX
-- VVC
-- OCL
-- BAKER
-- YDXCP
-- DLC
043 ## - GEOGRAPHIC AREA CODE
Geographic area code f-rh---
050 00 - LIBRARY OF CONGRESS CALL NUMBER
Classification number DT2981
Item number .S55 2005
082 00 - DEWEY DECIMAL CLASSIFICATION NUMBER
Classification number 968.91/04
Edition number 22
300 ## - PHYSICAL DESCRIPTION
Other physical details ill., maps ;
Dimensions 23 cm.
100 1# - MAIN ENTRY--PERSONAL NAME
Personal name Sibanda, Eliakim M.
9 (RLIN) 2854
245 14 - TITLE STATEMENT
Title The Zimbabwe African People's Union, 1961-87 :
Remainder of title a political history of insurgency in Southern Rhodesia /
Statement of responsibility, etc Eliakim M. Sibanda.
260 ## - PUBLICATION, DISTRIBUTION, ETC. (IMPRINT)
Place of publication, distribution, etc Trenton, NJ :
Name of publisher, distributor, etc Africa World Press,
Date of publication, distribution, etc c2005.
300 ## - PHYSICAL DESCRIPTION
Extent xi, 321 p. :
504 ## - BIBLIOGRAPHY, ETC. NOTE
Bibliography, etc Includes bibliographical references and index.
505 0# - FORMATTED CONTENTS NOTE
Formatted contents note The land and its people -- Gestation stage: Zapu reincarnation: Sranc and Ndp -- The founding of Zapu, leadership, split and struggle, 1961-69 -- Evaluation, introspection and re-organization: Zapu looks on its inside, 1960-71 -- The storm and then spears turned into plowshares: Zapu goes on military and then peace offensive, 1972-79 -- The best and the worst of times: Zapu post-independence to the time of its demise, 1980-87.
610 20 - SUBJECT ADDED ENTRY--CORPORATE NAME
Corporate name or jurisdiction name as entry element Zimbabwe African People's Union
General subdivision History.
9 (RLIN) 2855
651 #0 - SUBJECT ADDED ENTRY--GEOGRAPHIC NAME
Geographic name Zimbabwe
General subdivision Politics and government
Chronological subdivision 1965-1979.
9 (RLIN) 2856
651 #0 - SUBJECT ADDED ENTRY--GEOGRAPHIC NAME
Geographic name Zimbabwe
General subdivision Politics and government
Chronological subdivision 1980-
9 (RLIN) 2857
906 ## - LOCAL DATA ELEMENT F, LDF (RLIN)
a 7
b cbc
c orignew
d 1
e ecip
f 20
g y-gencatlg
942 ## - ADDED ENTRY ELEMENTS (KOHA)
Source of classification or shelving scheme Library of Congress Classification
Koha item type Monograph ( Printed materials)
Holdings
Withdrawn status Lost status Source of classification or shelving scheme Damaged status Not for loan Home library Current library Date acquired Total Checkouts Full call number Barcode Date last seen Date checked out Price effective from Koha item type Collection code Shelving location Copy number
    Library of Congress Classification     ARRUPE LIBRARY ARRUPE LIBRARY 23/10/2013 1 DT2981 .S55 2004 46411302 21/05/2025 02/05/2025 23/10/2013 Monograph ( Printed materials)      
    Library of Congress Classification     ARRUPE LIBRARY ARRUPE LIBRARY 26/02/2014 1 DT2981 .S55 2005 46500002245 02/09/2019 23/08/2019 26/02/2014 Monograph ( Printed materials) Main Collection Main Collection 2

 

Arrupe Library. PO Box MP320 Mt Pleasant, Harare, Zimbabwe
263 242 745411|librarian@aju.ac.zw